Normal view
MARC view
- Malaysia.
Entry Corporate Name
001 - CONTROL NUMBER
- control field: 8769
003 - CONTROL NUMBER IDENTIFIER
- control field: OSt
005 - DATE AND TIME OF LATEST TRANSACTION
- control field: 20170531101041.0
008 - FIXED-LENGTH DATA ELEMENTS
- fixed length control field: 170531|| aca||aabn | a|a d
040 ## - CATALOGING SOURCE
- Original cataloging agency: OSt
- Transcribing agency: OSt
110 ## - HEADING--CORPORATE NAME
- Corporate name or jurisdiction name as entry element: Malaysia.
- Title of a work: Official Secrets Act, 1972
670 ## - SOURCE DATA FOUND
- Source citation: Work cat.: (OSt)0: Malaysia 417, Akta Rahsia Rasmi, 1972 (Akta 88) :, 1990

PORTAL AKMAL
E-MEL JKDM
AKMAL2U
G-BAM
u-PUSTAKA